| 000 | 01026nam a22002777a 4500 | ||
|---|---|---|---|
| 999 |
_c8927 _d8927 |
||
| 003 | AR-CdUCM | ||
| 008 | 190327b ||||| |||| 00| 0 spa d | ||
| 040 |
_aMUNICIPALIDAD PROVINCIAL DEL CUSCO _cBIBLIOTECA MUNICIPAL DEL CUSCO |
||
| 082 |
_a307.2 / _bR45 |
||
| 100 |
_aRevesz, Bruno _911883 |
||
| 245 | _aEnfoque integrales y desarrollo rural / | ||
| 260 |
_aCusco : _bCBC, _c1991. |
||
| 300 |
_a82 paginas ; _c22 cm. |
||
| 440 |
_aCuadernos de debate y reflexión _n3 _924790 |
||
| 505 | _aContenido : Enfoque sectorial y enfoque integral -- Un caso de enfoque sistémico -- La cuenca -- Planificación micro-regiones y desarrollo rural ... | ||
| 650 |
_aEnfoques de desarrollo rural _924791 |
||
| 650 |
_aDesarrollo _92021 |
||
| 650 |
_aRural _923546 |
||
| 700 |
_aCastillo, Marlene _924792 |
||
| 700 |
_aDourojeanni, Axel _924793 |
||
| 700 |
_aGonzales Vigil, José _924794 |
||
| 700 |
_aGianella, Teresa (compilador) _924795 |
||
| 700 |
_aInicio, Miguel (compilador) _924796 |
||
| 942 |
_2ddc _cLIBROS |
||
| 945 | _arah | ||